000 00599nam a2200205 a 4500
005 20241130063751.0
008 011016s1996 es r 000 0 spa d
020 _a8433107127
035 _aUPN01000113087
049 _aCG
050 4 _aLB2822.5
_bG6.2
100 1 _aGómez Dacal, Gonzalo
245 1 0 _aCurso de organización escolar y general /
_cGonzalo Gómez Dacal.
260 _aMadrid :
_bEscuela Española,
_c1996.
300 _a603 p.
440 0 _aEducación al día
650 4 _aOrganización escolar
_94178
650 4 _aEscuelas
_xDirección y organización
_9346
902 _aLibro
999 _c86995
_d86995